00451nam a2200181Ia 4500003000400000005001700004008004100021020001500062040000700077041000800084082002500092100003400117245004400151250000600195260003800201300001700239365001300256OSt20230511171447.0210423s2005 xx 000 0 und d a8123905130 cAL aeng a615.19028 223bBECA aBECKETT (A H);STENLAKE (J B). aPractical pharmaceutical chemistry- P1. a4 aNew DelhibCBS Publicationsc2005 aviii,326bPB b240cINR